[Event "FIDE Zonal 2.5"]
[Site "Villa Martelli-Vicente Lopez"]
[Date "2017.05.02"]
[Round "3"]
[White "Pierrot, Facundo"]
[Black "Morovic Fernandez, Ivan"]
[Result "0-1"]
[WhiteElo "2392"]
[BlackElo "2527"]
[Annotator "TA"]
[PlyCount "140"]
[EventDate "2017.??.??"]
[EventType "swiss"]
[EventCountry "ARG"]
[SourceTitle "playchess.com"]
[Source "ChessBase"]
[SourceQuality "1"]

{[%evp 40,140,22,16,16,12,21,0,0,0,0,-9,-9,-8,-8,-8,-8,-8,-10,-8,-8,-7,-6,-6,-3,-3,-3,-3,-3,-3,-2,-6,0,0,0,-8,-8,-13,0,0,0,0,0,0,0,0,0,0,0,0,-4,-6,0,-13,-8,-12,-16,-16,-14,-22,-4,-126,-135,-117,-116,-295,-295,-295,-295,-295,-295,-280,-279,-445,-294,-444,-432,-570,-570,-796,-523,-536,-503,-337,-387,-399,-390,-293,-298,-8020,-7422,-8102,-8730,-8730,-8102,-6454,-5405,-5142,-2329,-7065,-6494,-7422,-7656]} 1. e4 e5 2. Nf3 Nc6 3. Bb5 a6 4. Ba4 Nf6 5. O-O Be7 6. Re1 b5 7. Bb3 d6 8. c3 O-O 9. h3 Nb8 10. d4 Nbd7 11. Nbd2 {[%cal Bb1d2,Bd2f1,Bf1g3][%mdl 32]} Bb7 12. Bc2 Re8 13. Nf1 Bf8 14. Ng3 g6 15. a4 c5 16. d5 c4 17. Bg5 h6 18. Be3 Nc5 19. Qd2 h5 20. Bg5 Be7 21. Ra3 {LiveBook: 140 Games} Nfd7 {C95: Closed Ruy Lopez: Breyer Variation with 10 d4} 22. Bh6 (22. Be3 Bf6 23. Rea1 Qc7 24. axb5 axb5 25. Qc1 Rxa3 26. Rxa3 Ra8 27. Qa1 {½-½ (27) Quesada Perez,Y (2627)-Bruzon Batista,L (2666) Merida 2015}) 22... Bf6 23. axb5 $146 ({Predecessor:} 23. Rea1 Qe7 24. Be3 Nb6 25. axb5 axb5 26. Qe2 Rxa3 27. Rxa3 Ra8 28. Rxa8+ Bxa8 29. b3 {0-1 (43) Katai,D (2235)-Matrahalmi,T (2299) Hungary 2011}) 23... axb5 {The position is equal.} 24. Rea1 Qc7 25. Be3 Rxa3 26. Rxa3 Ra8 27. Rxa8+ Bxa8 28. Qc1 Qa5 29. Qb1 Bb7 30. Nd2 Ba6 31. Ne2 Bd8 32. Nc1 b4 33. cxb4 Qxb4 34. Na2 Qa5 35. Nc3 Qb4 36. Na2 Qa5 37. Nc3 Kg7 38. Qa2 Qb4 39. Bd1 Ba5 40. Be2 {[%cal Re2c4]} Nd3 41. Bxd3 $1 cxd3 42. Nb3 Bb6 43. Bxb6 Nxb6 44. Qxa6 {Qa3 is the strong threat.} Qxb3 45. Qxd3 {White wants to play Qb5.} Qxb2 46. Nd1 (46. Qb5 $5 {[%cal Rb5b2]} Qxc3 47. Qxb6 $11) 46... Qc1 47. Kh2 Nd7 48. f3 Nc5 $36 {[%mdl 2048] Black has some pressure.} 49. Qe2 Nb3 50. Nf2 (50. Ne3 $11 {keeps the balance.}) 50... Nd4 $17 51. Qd1 Qe3 $1 {[%cal Re3f2]} 52. Nh1 $2 (52. Nd3 $17 {was called for.}) 52... h4 $19 53. Qf1 Ne2 54. Qf2 Qxf2 $1 55. Nxf2 {[%mdl 4096] Endgame KN-KN} f5 $1 56. Nd1 (56. exf5 $142 gxf5 57. Nd3) 56... Kf6 57. Ne3 (57. exf5 $142 gxf5 58. Ne3) 57... fxe4 $1 58. Nc4 exf3 59. Nxd6 fxg2 60. Kxg2 Nf4+ 61. Kf3 Nxd5 62. Kg4 {[#]} Ne3+ $1 63. Kf3 {[#]} Ke6 $1 {[%cal Re6d6]} 64. Ne4 $2 (64. Nb5 Nf5 65. Nc3) 64... Nd5 {Black is clearly winning.} 65. Ng5+ Kf5 66. Ne4 Nf6 67. Nd6+ Ke6 68. Nc4 g5 69. Ne3 e4+ 70. Kf2 Nd5 {Precision: White = 52%, Black = 86%.} 0-1

[Event "FIDE Zonal 2.5"]
[Site "Villa Martelli-Vicente Lopez"]
[Date "2017.05.02"]
[Round "3"]
[White "Scarella, Enrique Alejandro"]
[Black "Real De Azua, Ernesto"]
[Result "1/2-1/2"]
[WhiteElo "2335"]
[BlackElo "2478"]
[Annotator "TA"]
[PlyCount "50"]
[EventDate "2017.??.??"]
[EventType "swiss"]
[EventCountry "ARG"]
[SourceTitle "playchess.com"]
[Source "ChessBase"]
[SourceQuality "1"]

{[%evp 28,50,1,0,0,-1,0,0,0,-16,40,-30,25,27,29,-41,-41,-39,93,25,32,25,28,-2,-10]} 1. d4 Nf6 2. c4 e6 3. g3 c5 4. d5 exd5 5. cxd5 d6 6. Nc3 g6 7. Bg2 Bg7 8. Nf3 O-O 9. O-O Re8 10. Nd2 a6 11. a4 Nbd7 12. Nc4 Ne5 13. Nxe5 Rxe5 14. Bf4 Re8 15. Qc2 b6 {A64: Modern Benoni: Fianchetto Variation: 9...Nbd7 10 Nd2 a6 11 a4 Re8} (15... Rb8 16. Rab1 b5 17. axb5 axb5 18. b4 c4 19. Ra1 Nh5 20. Be3 Rxe3 21. fxe3 Qb6 22. Qd2 Nf6 23. Ra5 {0-1 (51) Arkell,K (2438)-Carlstedt,J (2413) chess.com INT 2017}) 16. h3 Nh5 17. Bd2 f5 18. e3 $146 ({Predecessor:} 18. Rfe1 Bd7 19. Qd3 Nf6 20. Bf4 Qe7 21. Ra3 h6 22. Rb3 g5 23. Bc1 Reb8 24. e4 b5 25. axb5 axb5 26. Nxb5 fxe4 27. Qc4 Ra1 28. Nc3 Rxb3 29. Qxb3 Bf5 30. Rf1 {½-½ (30) Toedter,H (2217)-Fagerbekk,E (2189) ICCF email 2013}) 18... g5 (18... Bd7 $11) 19. Kh2 (19. e4 $14) 19... f4 ({Black should play} 19... Bd7) 20. exf4 gxf4 21. Bf3 ({Of course not} 21. gxf4 Rf8 22. Ne2 Qh4 $15) (21. Rae1 $11) 21... fxg3+ $15 22. fxg3 Nf6 (22... Be5 $15 {keeps the upper hand.} 23. Bxh5 Qh4 24. Bf7+ Kh8) 23. Rae1 ({Better is} 23. Ne2 $16) 23... Rxe1 $11 24. Rxe1 Ra7 25. Ne2 Re7 {Precision: White = 26%, Black = 55%.} 1/2-1/2

[Event "FIDE Zonal 2.5"]
[Site "Villa Martelli-Vicente Lopez"]
[Date "2017.05.02"]
[Round "3"]
[White "Cimer, Emanuel"]
[Black "Slipak, Sergio"]
[Result "1/2-1/2"]
[WhiteElo "2258"]
[BlackElo "2465"]
[Annotator "TA"]
[PlyCount "89"]
[EventDate "2017.??.??"]
[EventType "swiss"]
[EventCountry "ARG"]
[SourceTitle "playchess.com"]
[Source "ChessBase"]
[SourceQuality "1"]

{[%evp 14,89,-13,-2,50,25,25,25,25,21,29,25,23,28,24,29,27,5,21,2,11,5,0,10,16,0,3,0,25,-36,-29,-35,-15,-66,-68,-139,-145,-131,-135,-137,-127,-123,-134,-151,-81,-72,-27,-36,-36,-36,-29,-30,-24,-12,-16,-25,-6,-6,-5,-6,-6,-6,0,0,0,-20,-7,-7,0,0,0,0,0,0,0,0,0,0]} 1. e4 {[%cal Be2e4,Be4e5][%mdl 32]} c5 2. Nf3 e6 3. g3 Nc6 4. Bg2 Nf6 5. Qe2 d5 6. e5 Nd7 7. d3 Qc7 {B40: Sicilian: 2...e6, Unusual lines} (7... Be7 8. O-O g5 9. h3 h5 10. g4 hxg4 11. hxg4 Nf8 12. c3 Ng6 13. d4 Nh4 14. Be3 Nxf3+ 15. Bxf3 {1-0 (57) Navara,D (2702)-Rahman,Z (2499) Caleta 2014}) 8. Bf4 {LiveBook: 11 Games} g5 ({Black should try} 8... h6 $11) 9. Bxg5 (9. Nxg5 {feels hotter.} Bg7 10. O-O Ndxe5 11. Nc3 Qe7 12. Qh5) 9... Bg7 $1 {[%cal Rd7e5] White has an edge.} 10. Bf4 $146 ({Predecessor:} 10. Nc3 Nd4 11. Nxd4 cxd4 12. Nxd5 exd5 {1-0 (73) Adamson,G (2097)-Zhulanov,V (2296) Odintsovo 2008}) 10... Ndxe5 11. Nxe5 Bxe5 12. Bxe5 Qxe5 13. Qxe5 Nxe5 14. Nd2 Bd7 15. f4 Nc6 16. O-O-O Ke7 17. Rhe1 {Black should prevent Bxd5.} Kd6 18. Nf3 Rac8 19. c4 f6 20. Kb1 b5 21. b3 ({White should play} 21. cxb5 $11 Nd4 22. Nxd4 cxd4 23. Bh3) 21... a6 $15 22. a3 Nd4 23. Kb2 (23. Nxd4 $11 cxd4 24. Rd2) 23... bxc4 24. Nxd4 (24. dxc4 $15 Nxf3 25. Bxf3) 24... c3+ $1 $17 25. Kxc3 cxd4+ 26. Kxd4 Rc2 27. Bf3 Rxh2 28. Re2 {[#]} Rxe2 (28... Rh3 $142 $1 29. Rg1 Rg8) 29. Bxe2 {[%mdl 4096] Endgame KRB-KRB} Rg8 30. Rg1 e5+ 31. fxe5+ fxe5+ 32. Kc3 d4+ 33. Kd2 a5 34. Rh1 Rxg3 {Hoping for ...Bf5.} (34... Bf5 $5 {[%cal Rg8g3]}) 35. Rxh7 {The position is equal.} Rg2 {[#] Threatens to win with ...Bg4.} 36. Kd1 Rg1+ 37. Kc2 a4 {aiming for ...Rg2.} (37... Bf5 $5 {[%cal Rf5h7]} 38. Rh6+ Rg6 39. Rxg6+ Bxg6 $11) 38. Rh6+ Kc7 {Strongly threatening ...Rg2.} 39. bxa4 Bxa4+ 40. Kd2 Bb3 41. Bf3 Ra1 42. Ra6 Ra2+ 43. Ke1 Ra1+ 44. Kd2 Ra2+ 45. Ke1 {Precision: White = 67%, Black = 73%.} 1/2-1/2

[Event "FIDE Zonal 2.5"]
[Site "Villa Martelli-Vicente Lopez"]
[Date "2017.05.03"]
[Round "4"]
[White "Peralta, Fernando"]
[Black "Mareco, Sandro"]
[Result "0-1"]
[WhiteElo "2565"]
[BlackElo "2655"]
[Annotator "TA"]
[PlyCount "90"]
[EventDate "2017.??.??"]
[EventType "swiss"]
[EventCountry "ARG"]
[SourceTitle "playchess.com"]
[Source "ChessBase"]
[SourceQuality "1"]

{[%evp 12,90,16,1,0,2,34,34,42,25,41,23,27,10,14,14,13,16,17,7,10,13,3,9,16,12,20,-13,-11,-27,-16,-31,-14,-13,0,-177,-177,-177,-177,-173,0,0,0,-176,-176,-165,-160,-206,-203,-197,-207,-223,-193,-235,-237,-275,-252,-243,-251,-294,-293,-264,-297,-325,-318,-389,-351,-365,-349,-480,-458,-548,-536,-768,-739,-850,-830,-975,-954,-723,-527]} 1. d4 Nf6 2. c4 e6 3. Nc3 Bb4 4. e3 d5 5. Nf3 O-O 6. Bd3 c5 7. cxd5 exd5 {E53: Nimzo-Indian: Rubinstein: Main Line (4...0-0 5 Nf3 d5 6 Bd3 c5 7 0-0)} (7... Nxd5 8. O-O cxd4 9. exd4 Nc6 10. Bc2 Nf6 11. Re1 h6 12. Qd3 Bd6 13. Ne4 Nxe4 14. Qxe4 f5 15. Qe2 {1-0 (23) Ivanchuk,V (2747)-Anand,V (2779) Doha 2016}) 8. dxc5 Bxc5 9. O-O a6 {White is slightly better.} 10. b3 Nc6 11. Bb2 Bg4 12. Rc1 (12. h3 $5 {[%cal Rh3g4]} Bxf3 13. Qxf3 $11 (13. gxf3 d4 14. exd4 Bxd4 $17)) 12... Qd6 13. h3 Bh5 14. Be2 Rad8 $146 ({Predecessor:} 14... Bg6 15. Nh4 Rfd8 16. Nxg6 hxg6 17. Bf3 Rac8 {1-0 (59) Becsenescu,I-Lloyd,G (2229) ICCF email 2010}) 15. Nh4 Bg6 16. Nxg6 hxg6 17. Bf3 Ba7 18. Ne2 Rfe8 19. Nd4 Bb8 {[%csl Gb8][%cal Rd6h2]} 20. g3 Rxe3 21. Nxc6 (21. fxe3 {gets mated.} Qxg3+ 22. Bg2 Qh2+ 23. Kf2 Ne4+ 24. Kf3 Qg3+ 25. Ke2 Qxg2+ 26. Rf2 Qxf2+ 27. Kd3 Ne5#) 21... bxc6 22. Bxf6 (22. fxe3 $2 {is the wrong capture.} Qxg3+ 23. Bg2 Qh2+ 24. Kf2 Ne4+ 25. Ke2 Qxg2+ 26. Kd3 Qxb2 $19) 22... gxf6 23. fxe3 $2 (23. Kg2 $11) 23... Qxg3+ $19 24. Bg2 {Threatens to win with Rf3.} Qh2+ {[%mdl 1024] Black has strong compensation.} 25. Kf2 {Strongly threatening Qf3.} Qg3+ 26. Kg1 Qh2+ 27. Kf2 {[#] And now Qf3 would win.} Bg3+ $1 {[%cal Bb8g3,Bg3h4,Bh4g5][%mdl 32]} 28. Kf3 Bh4 {aiming for ...d4!} 29. Qd4 Qg3+ 30. Ke2 Qxg2+ 31. Kd3 Qxh3 32. Rh1 Qf5+ 33. Kc3 Bg5 34. Kb2 {[#]} Qe6 $1 35. Rc2 {Hoping for Rch2.} Bxe3 36. Qh4 {[%csl Gh1][%cal Rh4h8]} Kf8 37. Kb1 d4 {[%cal Bd5d4,Bd4d3,Bd3d2][%mdl 32]} 38. Qg3 Qd6 39. Qf3 Qd5 40. Qh3 c5 {Black is clearly winning.} ({Not} 40... d3 41. Rch2 d2 42. Qxe3 d1=Q+ 43. Rxd1 Qxd1+ 44. Kb2 $19) 41. Rf1 f5 42. Qh4 {White hopes to continue with Rxc5!} d3 43. Rh2 d2 44. Rd1 Qd3+ 45. Kb2 Qd4+ {Precision: White = 58%, Black = 80%.} 0-1

[Event "FIDE Zonal 2.5"]
[Site "Villa Martelli-Vicente Lopez"]
[Date "2017.05.03"]
[Round "4"]
[White "Morovic Fernandez, Ivan"]
[Black "Vasquez Schroeder, Rodrigo"]
[Result "1/2-1/2"]
[WhiteElo "2527"]
[BlackElo "2554"]
[Annotator "TA"]
[PlyCount "20"]
[EventDate "2017.??.??"]
[EventType "swiss"]
[EventCountry "ARG"]
[SourceTitle "playchess.com"]
[Source "ChessBase"]
[SourceQuality "1"]

{[%evp 15,20,-4,0,0,0,0,0]} 1. d4 Nf6 2. Nf3 e6 3. Bf4 d5 4. e3 Bd6 5. Bg3 c5 6. c3 {D02: 1 d4 d5 2 Nf3 sidelines, including 2...Nf6 3 g3 and 2...Nf6 3 Bf4} O-O 7. Nbd2 Qc7 (7... b6 8. Bd3 Ba6 9. Bxa6 Nxa6 10. Qe2 Nc7 11. Ne5 cxd4 12. cxd4 Ne4 13. Nd3 Qe7 14. Bxd6 Qxd6 {½-½ (30) Iturrizaga Bonelli,E (2652)-Adams,M (2751) Caleta 2017}) 8. Ne5 Nc6 {LiveBook: 9 Games. The position is equal.} 9. Nxc6 Qxc6 10. Bd3 Qc7 $146 ({Predecessor:} 10... Re8 11. Qe2 Bd7 12. O-O Bxg3 13. hxg3 e5 14. dxc5 Qxc5 {1-0 (38) Vezzosi,P (2381)-Codenotti,M (2122) Arvier 2009}) 1/2-1/2

[Event "FIDE Zonal 2.5"]
[Site "Villa Martelli-Vicente Lopez"]
[Date "2017.05.03"]
[Round "4"]
[White "Real De Azua, Ernesto"]
[Black "Cimer, Emanuel"]
[Result "1-0"]
[WhiteElo "2478"]
[BlackElo "2258"]
[Annotator "TA"]
[PlyCount "93"]
[EventDate "2017.??.??"]
[EventType "swiss"]
[EventCountry "ARG"]
[SourceTitle "playchess.com"]
[Source "ChessBase"]
[SourceQuality "1"]

{[%evp 30,93,50,50,109,97,206,206,219,212,214,213,226,197,191,204,260,260,242,166,170,167,222,205,205,206,230,239,366,193,416,410,801,790,883,600,1086,1055,994,379,396,391,369,356,364,335,366,225,316,225,812,807,907,765,1320,950,1443,1373,29987,29988,29988,29989,29992,29993,29996,29997]} 1. e4 c5 2. Nf3 d6 3. d4 cxd4 4. Nxd4 Nf6 5. Nc3 g6 6. Be3 Bg7 7. f3 O-O 8. Qd2 Nc6 9. O-O-O Nxd4 10. Bxd4 Be6 11. Kb1 Qc7 12. g4 Rfc8 13. h4 {[%cal Bh2h4,Bh4h5,Bh5h6][%mdl 32]} Qa5 14. a3 Rab8 15. h5 b5 16. h6 Bh8 {[#] B76: Sicilian Dragon: Yugoslav Attack, 9 g4 and 9 0-0-0} ({Black should try} 16... Bf8 $14) 17. g5 $1 $16 {[%cal Rg5f6]} (17. Nd5 Qxd2 18. Rxd2 Bxd5 19. exd5 Rc7 20. Be3 Nd7 21. f4 b4 22. a4 Bc3 23. Rd3 Bh8 24. Rd1 Nb6 25. Bxb6 Rxb6 26. Rh3 a5 27. Bb5 Rbb7 28. Rd2 Rb8 29. Ka2 Rbc8 {½-½ (29) Chripko,L (2560)-Joppich,U (2445) ICCF email 2010}) 17... Ne8 (17... Nd7 $16 {keeps fighting.}) 18. Nd5 $18 Qd8 {White is clearly better.} 19. Bxa7 Bxd5 $146 ({Predecessor:} 19... Ra8 20. Bb6 Qd7 21. Nb4 f6 22. f4 Qb7 23. Bd4 Bg4 24. Be2 Bxe2 25. Qxe2 {½-½ (37) Benza,A (2295)-Olenin,N (2394) Tula 2007}) 20. exd5 Rb7 21. Bd4 Bxd4 22. Qxd4 Qc7 23. c3 Qc5 24. Bh3 Qxd4 25. Rxd4 ({Don't play} 25. cxd4 $6 Ra8 $16) 25... Rc5 (25... Ra8 $142 26. Re4 Kf8) 26. Re1 Kf8 27. f4 Nc7 28. Red1 Na8 (28... f5 $142 29. Kc2 Na8) 29. Rf1 (29. f5 $142 gxf5 30. Bxf5) 29... Kg8 $2 (29... f5 30. gxf6 exf6) 30. f5 {fxg6 is the strong threat.} gxf5 (30... Rc4 $142 31. fxg6 hxg6 32. h7+ Kxh7 33. Rxf7+ Kg8) 31. Bxf5 Rb8 32. Re4 Rc7 33. Ref4 Nb6 {[#]} 34. Be4 $2 (34. Bxh7+ $1 {[%mdl 512]} Kxh7 35. Rxf7+ Kg6 36. Rg7+ Kh5 37. Rh1+ Kg4 38. h7) 34... Rf8 35. g6 hxg6 {[#]} 36. Bxg6 $1 {[%mdl 512]} f6 (36... fxg6 37. Rxf8+) 37. Bf5 Kh8 38. Be6 Na4 (38... Rc4 $142 39. b3 Rxc3) 39. Rg4 {Intending h7! and mate.} Nc5 $2 (39... Rc4 40. Rg7 Rh4) 40. Bf5 e5 41. dxe6 {[%cal Bd5e6,Be6e7][%mdl 32]} Nb3 42. Kc2 Na5 43. Rfg1 {White threatens h7 and mate.} Nc4 44. R1g3 {White mates.} Re8 45. h7 Rcc8 {[#]} 46. e7 $1 Rb8 {[#]} (46... Rxe7 47. Rg8+) 47. Rg8+ $1 {Precision: White = 60%, Black = 41%.} 1-0

[Event "FIDE Zonal 2.5"]
[Site "Villa Martelli-Vicente Lopez"]
[Date "2017.05.03"]
[Round "4"]
[White "Slipak, Sergio"]
[Black "Krysa, Leandro"]
[Result "0-1"]
[WhiteElo "2465"]
[BlackElo "2517"]
[Annotator "TA"]
[PlyCount "100"]
[EventDate "2017.??.??"]
[EventType "swiss"]
[EventCountry "ARG"]
[SourceTitle "playchess.com"]
[Source "ChessBase"]
[SourceQuality "1"]

{[%evp 12,100,0,-31,-16,-13,-17,-20,-27,-52,-40,-74,-91,-95,-71,-70,-85,-109,-121,-141,-129,-111,-143,-155,-129,-118,-125,-122,-117,-114,-120,-200,-201,-219,-204,-206,-188,-183,-191,-177,-177,-192,-178,-196,-181,-191,-165,-168,-166,-168,-170,-173,-155,-154,-157,-242,-243,-261,-261,-244,-199,-203,-194,-200,-190,-247,-240,-240,-240,-254,-236,-230,-216,-252,-200,-663,-666,-805,-785,-739,-693,-693,-693,-693,-693,-686,-693,-693,-693,-1268,-1268]} 1. e4 c5 2. Nc3 Nc6 3. f4 g6 4. Nf3 Bg7 5. Bb5 Nd4 6. O-O e6 7. e5 a6 {B23: Closed Sicilian: Lines without g3} (7... Ne7 8. Nxd4 cxd4 9. Ne4 O-O 10. b3 d5 11. Nd6 f6 12. Nxc8 Rxc8 13. exf6 Rxf6 14. Ba3 Nc6 15. Qe2 {½-½ (52) Dimitrov,R (2445)-Naiditsch,A (2724) Bastia 2013}) 8. Bd3 f5 9. b3 d6 {The position is equal.} 10. Bb2 Ne7 11. Ne2 Nxf3+ 12. Rxf3 Nc6 {[%cal Rd6e5]} 13. Re3 O-O 14. Qe1 {[#]} b5 $146 ({Predecessor (2):} 14... Bd7 15. Kh1 {0-1 (31) Lilov,V (2434)-Spasov,V (2565) Albena 2013}) 15. a4 Rb8 $1 16. axb5 axb5 17. c4 {[%cal Bc2c4,Bc4b5][%mdl 32]} dxe5 18. cxb5 exf4 19. Bxg7 fxe3 20. Bxf8 Qxd3 21. dxe3 (21. Bh6 $17 exd2 22. Qxd2 Qxd2 23. Bxd2 Rxb5 24. Ra8) 21... Qxe3+ $19 ({Inferior is} 21... Kxf8 22. bxc6 Rxb3 23. Nf4 $11) ({But not} 21... Rxb5 22. Bh6 Qxb3 23. e4 $1 $17 {[%mdl 512]}) 22. Kf1 Rxb5 (22... Kxf8 23. bxc6 f4 24. Qh4 $11) 23. Bd6 Bb7 24. Nf4 Rxb3 25. Qxe3 Rxe3 26. Bxc5 Re4 27. Nd3 Kf7 28. Bf2 Kf6 29. Nc5 Rb4 30. Rd1 Bc8 31. Rd6 Ne7 32. Bd4+ {[#]} Kf7 $1 33. Nd3 {[#]} (33. Ke1 $17) 33... Ba6 $1 {[%cal Ra6d3][%mdl 512]} 34. Rxa6 Rxd4 {[%mdl 4096] Endgame KRN-KRN} 35. Nc5 e5 36. Ne6 Rd1+ 37. Ke2 Rh1 38. h3 (38. Kf2 {was worth a try.}) 38... h6 39. Nd8+ Ke8 40. Ra8 Kd7 41. Nf7 e4 {[%cal Be5e4,Be4e3,Be3e2][%mdl 32]} 42. Nxh6 Rb1 43. Ke3 $2 (43. Nf7) 43... Nd5+ {Black is clearly winning.} 44. Kd4 Rd1+ 45. Kc5 e3 {Strongly threatening ...e2.} 46. Nf7 e2 47. Ne5+ Ke7 48. Nf3 Nf4 49. Ra7+ Kf6 50. g4 Ne6+ {Precision: White = 54%, Black = 85%.} 0-1

[Event "FIDE Zonal 2.5"]
[Site "Villa Martelli-Vicente Lopez"]
[Date "2017.05.03"]
[Round "4"]
[White "Dolezal, Cristian"]
[Black "Sosa, Tomas"]
[Result "1/2-1/2"]
[WhiteElo "2401"]
[BlackElo "2459"]
[Annotator "TA"]
[PlyCount "130"]
[EventDate "2017.??.??"]
[EventType "swiss"]
[EventCountry "ARG"]
[SourceTitle "playchess.com"]
[Source "ChessBase"]
[SourceQuality "1"]

{[%evp 19,130,20,23,12,12,14,12,0,0,-11,-7,-5,-6,-22,-18,-27,-16,0,3,-12,0,-14,-12,-40,0,-46,-40,-42,-42,-51,-33,-40,-45,-60,-50,-58,-50,-98,-29,-29,-29,-29,-29,-29,-29,-29,-26,-29,-15,-15,-16,-58,-61,-58,-39,-32,-36,-58,-49,-46,-64,-119,-64,-99,-95,-190,-75,-137,-118,-128,0,-115,-101,-118,-118,-85,-96,-106,-85,-218,-208,-242,-227,-375,-236,-235,-239,-220,-219,-347,-239,-238,-231,-231,-225,-180,0,-1,-4,-237,0,0,0,-8,-8,-8,-8,-8,-8,-8,-8,-8,-8]} 1. d4 Nf6 2. c4 e6 3. Nc3 d5 4. cxd5 exd5 5. Bg5 Nbd7 6. e3 Be7 7. Bd3 c6 8. Qc2 Nh5 9. Bxe7 Qxe7 10. O-O-O Nb6 11. Kb1 {D36: Queen's Gambit Declined: Exchange Variation: Main line (5 Bg5 c6 6 Qc2)} (11. h3 g6 12. Nf3 Be6 13. Kb1 O-O-O 14. Nd2 Ng7 15. g4 Kb8 16. Nb3 h5 17. f3 Bc8 18. Qf2 hxg4 19. hxg4 Ne6 20. f4 {0-1 (75) Nakamura,H (2793)-Onischuk,A (2667) Saint Louis 2017}) 11... g6 12. h3 Ng7 13. Nf3 Bf5 14. g4 Bxd3 15. Qxd3 O-O-O 16. Rc1 $146 ({Predecessor:} 16. Rhe1 h5 17. Ne5 Nd7 18. Nxd7 Qxd7 {1-0 (33) Deglmann,L (2332)-Rombaldoni,D (2496) Vienna 2013}) 16... Kb8 17. Ne2 {[%cal Bc3e2,Be2f4,Bf4d3,Bd3c5][%mdl 32]} Ne8 18. Nf4 $1 Nd6 19. b3 Ne4 20. Qc2 Nd7 21. Nd3 f6 22. Nfe1 g5 23. f3 $1 {[%cal Rf3e4]} Nd6 24. Qd2 h5 25. Nc2 Rh6 26. Nc5 Rdh8 {aiming for ...hxg4.} 27. Rhf1 hxg4 28. hxg4 Nb5 (28... Nxc5 $17 29. dxc5 Nb5) 29. Nxd7+ $11 Qxd7 30. Rf2 Qd6 31. Kb2 Rh2 32. Rcf1 Qg3 33. Qe1 Nd6 34. Rxh2 Qxh2 35. Qf2 a5 36. Qe1 Qg2 37. Rf2 Qg3 38. Qe2 Rh1 39. Rg2 $1 {[%cal Rg2g3]} Qh3 40. Qf2 ({White should try} 40. a4 $15) 40... Kc7 (40... b5 $17 41. Rg3 Qh4) 41. Kc3 b6 42. Kd2 {[#]} (42. Rg3 $17 Qh4 43. Rg2) 42... a4 $1 {[%mdl 512]} 43. Rg3 (43. Kc3 $142) (43. bxa4 Nc4+) 43... Qh4 $17 44. Rg2 Qh3 45. Rg3 $1 {[%cal Rg3h3]} Qh8 46. Rg1 Rh2 47. Rg2 Rh3 48. Rg3 Rh7 49. Rg1 {[#]} (49. Kc1 $17) 49... Qa8 $1 $19 50. Qg3 Kd7 51. b4 (51. e4 {was called for.}) 51... Qh8 52. Qf2 Rh2 53. Rg2 Rh3 54. Rg3 (54. Ne1 {is a better defense.}) 54... Nc4+ 55. Kc3 Qh4 56. Rg2 Qh7 57. Rg3 Kc8 $2 (57... Rh1 $19 58. Rg1 Rh3) 58. Rxh3 $11 Qxh3 59. b5 $2 (59. Qe2 $11) 59... Qh1 $2 (59... cxb5 $19 {And now ...Qh1 would win.} 60. Qe2 (60. Nb4 Qh1 61. Nd3 Qa1+ 62. Kb4 Qd1 $19) 60... Qh1) 60. bxc6 {The position is equal.} Qc1 {...Qb2+ is the strong threat.} (60... Qb1 $5 61. Qh2 $8 Qb2+ 62. Kd3 Qc1 $11) 61. Qe1 Qb2+ 62. Kd3 $132 {[%mdl 2048] White is not keeping still (4)} Qxa2 {Threatens to win with ...Nb2+.} 63. Qb4 {Hoping for Qf8+.} Qb3+ 64. Qxb3 axb3 65. Nb4 {[#]} Nxe3 $1 {[%mdl 512] Precision: White = 48%, Black = 64%.} 1/2-1/2

[Event "FIDE Zonal 2.5"]
[Site "Villa Martelli-Vicente Lopez"]
[Date "2017.05.03"]
[Round "4"]
[White "Scarella, Enrique Alejandro"]
[Black "Valerga, Diego"]
[Result "0-1"]
[WhiteElo "2335"]
[BlackElo "2460"]
[Annotator "TA"]
[PlyCount "70"]
[EventDate "2017.??.??"]
[EventType "swiss"]
[EventCountry "ARG"]
[SourceTitle "playchess.com"]
[Source "ChessBase"]
[SourceQuality "1"]

{[%evp 17,70,50,52,18,10,8,24,8,9,0,2,0,-7,-27,-30,-43,-11,-83,-65,-58,-8,-19,8,-13,0,-79,-77,-94,-77,-128,-102,-111,-117,-223,-225,-293,-290,-282,-197,-228,-138,-272,-100,-211,-213,-385,-345,-756,-754,-691,-307,-1022,-730,-1156,-1138]} 1. d4 Nf6 2. Nf3 e6 3. c4 Bb4+ 4. Bd2 c5 5. Bxb4 cxb4 6. g3 O-O 7. Bg2 d6 8. O-O Re8 9. a3 Nc6 10. Nbd2 {E11: Bogo-Indian} (10. axb4 Nxb4 11. Nc3 Bd7 12. Qb3 a5 13. e4 e5 14. Rad1 Qc7 15. Rfe1 Bg4 16. Nb5 Qc6 17. Nxd6 Bxf3 18. Nxe8 Bxd1 19. Nxf6+ Qxf6 20. Qxd1 exd4 {1-0 (33) Cheparinov,I (2678)-Moiseenko,A (2711) Khanty-Mansiysk 2013}) 10... bxa3 11. Rxa3 e5 12. d5 {White has an edge.} Nb4 $1 13. Qb3 a5 14. e4 Nd7 $146 ({Predecessor:} 14... b6 15. Ne1 Nd7 16. Nd3 Nxd3 17. Qxd3 Nc5 {Celestini,M (1830)-Simoni (1845) corr 1994}) 15. Ne1 Nc5 16. Qe3 Bd7 (16... b5 {creates tension.} 17. cxb5 Bd7 18. Bf3 Bxb5 19. Be2 Bd7) 17. Nb3 (17. f4 $11) 17... Nxb3 $17 18. Rxb3 Rc8 19. Rc3 Rc5 20. f4 f6 21. Rf2 (21. fxe5 $11 Rxe5 22. Nf3) 21... exf4 22. gxf4 {[#]} b5 $1 23. Qd4 (23. b3 $142) 23... Rxc4 24. Rxc4 bxc4 25. Nc2 (25. Rf3 $17) 25... Nd3 $19 26. Rf1 Qb8 27. Qxc4 Nxb2 28. Qd4 {[#] Black must now prevent Rb1.} Qb3 29. Rf2 (29. Qa7 $17 Bc8 30. Ne3) 29... a4 $2 (29... Nd3 $19 {and Black stays clearly on top.} 30. Na1 Qd1+ 31. Rf1 Qe2) 30. Qa7 (30. Bf1 $17) 30... Bc8 31. Bf3 $2 (31. Nd4 Qe3 32. Nb5 Qxa7 33. Nxa7) 31... Nd3 $1 {[%csl LRf2,LRf4]} 32. Bh5 $2 (32. Nd4 Qc4 33. Ne6 Bxe6 34. dxe6 Rxe6 35. Qa8+ Kf7 36. f5) 32... g6 33. Nd4 Qb7 (33... Qb4 $142 34. Nc6 Qc3) 34. Qxa4 $2 (34. Qxb7 Bxb7 35. Rd2 Rxe4 36. Rxd3) 34... Bd7 35. Qc2 Nxf2 {Precision: White = 35%, Black = 57%.} 0-1